00321nam a2200133 a 4500008004100000050001500041100002100056245002600077260003500103300001000138350000900148650001500157650001500172120416s1967 ||||||||||||||||| || u aJK 516 Mac aMcConnell, Grant14aThe modern presidency aNew YorkbSt. Martin's Pc1967 a114p. a0.00 aGOVERNMENT aPRESIDENTS